00876nam a2200217 i 4500001000300000245014700003260004600150300002800196500003200224650002900256650005500285650002900340700003300369710004700402020001500449040000800464041001900472080002800491008004100519856009800560bg00aPolityka ekologiczna III Rzeczypospolitej :bpraca zbiorowa /cpod red. Andrzeja Papuzińskiego ; Akademia Bydgoska im. Kazimierza Wielkiego. aBydgoszcz :bWydaw. Uczelniane AB,c2000. a479 s. :bil. ;c25 cm. aStreszcz. ang., niem., ros. 9aUnia Europejska a Polska 9aOchrona środowiskaxpolitykazPolskayod 1989 r. 9aPolska a Unia Europejska1 aPAPUZIŃSKI, Andrzej.eRed. 0aAkademia Bydgoska im. Kazimierza Wielkiego a8370963609 cBPK0 apolbenggerpol a504(438:4-67)"1989/..." s pl f |000 0 pol  uhttp://koha.tu.koszalin.pl/cgi-bin/koha/opac-detail.pl?biblionumber=45594yKatalog online BPK